To break a union: the messenger, the state, and the NGA

Gespeichert in:  
Bibliographische Detailangaben
1. VerfasserIn: Dickinson, Mark (Verfasst von)
Medienart: Druck Buch
Sprache:Englisch
Veröffentlicht: Manchester Booklist c1984
In:Jahr: 1984
Bestand in Tübingen:In Tübingen vorhanden.
UB: KB 8 E 1053
Verfügbarkeit prüfen: HBZ Gateway
Subito Bestelldienst: Jetzt bestellen.
Schlagwörter:

MARC

LEADER 00000cam a2200000 c 4500
001 1605833126
003 DE-627
005 20251225192502.0
007 tu
008 991129s1984 xxk||||| 00| ||eng c
010 |a  85241677  
020 |a 0906932807  |c pbk. : £2.95  |9 0-906932-80-7 
035 |a (DE-627)1605833126 
035 |a (DE-576)028083229 
035 |a (DE-599)BSZ028083229 
035 |a (OCoLC)833722540 
035 |a (OCoLC)251608025 
035 |a (OCoLC)14002190 
040 |a DE-627  |b ger  |c DE-627  |e rakwb 
041 |a eng 
044 |c XA-GB 
050 0 |a HD6668.N42 
082 0 |a 331.88/11072  |q LOC  |2 19 
100 1 |a Dickinson, Mark  |4 aut 
245 1 0 |a To break a union  |b the messenger, the state, and the NGA  |c Mark Dickinson 
264 1 |a Manchester  |b Booklist  |c c1984 
300 |a 208 p  |b ill  |c 21 cm 
336 |a Text  |b txt  |2 rdacontent 
337 |a ohne Hilfsmittel zu benutzen  |b n  |2 rdamedia 
338 |a Band  |b nc  |2 rdacarrier 
490 0 |a Trade unions, police 
583 1 |a Archivierung prüfen  |c 20200919  |f DE-640  |z 1  |2 pdager 
610 1 0 |a National Graphical Association (Great Britain) 
650 0 |a Press  |x Employees  |x Labor unions  |z Great Britain 
650 0 |a Labor unions  |x Political activity  |z Great Britain 
889 |w (DE-627)306291355 
889 |w (DE-627)432995420 
935 |i mdedup 
951 |a BO 
ELC |b 1 
LOK |0 000 xxxxxcx a22 zn 4500 
LOK |0 001 3115200072 
LOK |0 003 DE-627 
LOK |0 004 1605833126 
LOK |0 005 19920422000000 
LOK |0 008 920422||||||||||||||||ger||||||| 
LOK |0 040   |a DE-21  |c DE-627  |d DE-21 
LOK |0 852   |a DE-21 
LOK |0 852 1  |c KB 8 E 1053  |9 00 
LOK |0 935   |a krim 
LOK |0 939   |a 22-04-92  |b l01 
ORI |a SA-MARC-krimdoka001.raw 
SIG |a UB: KB 8 E 1053